Liedtext - Sowieso - Mark Foster - Statistiken

Allgemein
  • Dieses Quiz wurde 369 mal gespielt
  • Das Durchschnittsergebnis liegt bei 174 aus 277
Antwortstatistiken
Textquiz % Korrekt
So
99%
so
99%
sowieso
99%
wie
94%
Es
91%
es
91%
gut
89%
wird
89%
ne
85%
nicht
85%
auf
84%
egal
82%
Egal
82%
Geh'
82%
im
82%
wenn
82%
Tür
78%
und
78%
Und
78%
geht
77%
immer
77%
Immer
77%
irgendwo
77%
neue
76%
gewohnt
75%
läuft
74%
was
74%
auch
73%
Auch
73%
kommt
73%
wenn's
69%
Ich
67%
die
65%
der
64%
Der
64%
grad
60%
Mal
58%
mal
58%
bin
55%
ist
53%
mein
49%
doch
48%
Doch
48%
Leben
45%
vom
44%
alles
42%
mehr
42%
dann
41%
mit
40%
hab
39%
Steuerrad
39%
leise
38%
kleines
36%
rumgereiße
36%
Plan
35%
Zugverspätung
35%
selten
34%
wächst
34%
Zeit
34%
zum
34%
Bizeps
33%
dritte
33%
hat
33%
kein
33%
verläuft
33%
Glück
32%
Mahnung
32%
man
32%
daneben
31%
durch
31%
eh
31%
nach
31%
Seitenwegen
31%
Flugrakete
30%
gibt
30%
liegt
30%
meist
30%
Mitte
30%
schlechte
30%
Verlängerung
30%
fällt
29%
Reise
29%
seine
29%
Ernte
28%
Ey
28%
ey
28%
Karten
28%
Planung
28%
such'
28%
Tinnitus
28%
Veränderung
28%
besten
27%
bunte
27%
neuer
27%
stranges
27%
Verrückte
27%
One
26%
Phasen
26%
bleibt
25%
Erinnerung
25%
Jenga-Turm
25%
Karatefighter
25%
Linderung
25%
nehme
25%
on
25%
Schluss
25%
Wegbegleiter
25%
Freunde
24%
geduldig
24%
vorn
24%
elf
23%
sicher
23%
Stress
23%
Blick
22%
dank
22%
fitte
22%
Halt
22%
schätze
22%
schicken
22%
Tarnung
22%
warten
22%
Gemetzel
21%
gesät
20%
steckt
17%
streikt
10%
Sendeton
6%
Keine übereinstimmenden Quizze gefunden
Verteilung der Resultate
Anzahl Personen mit jedem Resultat
Perzentil nach korrekt beantworteten Fragen
Ihre Resultats-Entwicklung
Sie haben dieses Quiz noch nicht gespielt